000 00472nam a22001817a 4500
003 MPLRDC
005 20220104124553.0
008 210129b ||||| |||| 00| 0 eng d
020 _a983-820-015-8
082 _a859.61 DDJY v.4A
100 _a周曾钧督印
245 _a勇敢的故事. 上
_c
260 _a
_b联营出版有限公司
_c1993
300 _b
490 _a道德教育故事丛书
650 _a道德教育故事
942 _cBK
_o859.61 DDJY v.4A
999 _c20389
_d20379